00417nam a2200157Ia 450000500170000000800410001702000180005805000230007610000250009924500630012426000300018730000210021744000060023852100070024452600080025120140404082828.0140130s9999 xx 000 0 und d a9780439890588 aPZ 7b.P213Ho 2007 aPapadementriou, Lisa cLisa Papadementriou.aHow to be a girly in just ten days / bScholastic,c2007.aUSA : a163 p. :c24 cm. v1 aG4 c650